| 000 | 00577nam a2200205 u 4500 | ||
|---|---|---|---|
| 005 | 20210223132225.0 | ||
| 008 | 131128s1995 mx r 000 0 spa d | ||
| 020 | _a9686830588 | ||
| 035 | _aUPN01000194292 | ||
| 049 | _aCG | ||
| 050 | 4 |
_aPQ2662 O9.9 _bP4.9 |
|
| 100 | 1 |
_aBouvier, Nicolas, _d1929-1998 _934760 |
|
| 245 | 1 | 3 |
_aEl pez escorpión / _cNicolas Bouvier ; tr. Glenn Gallardo. |
| 260 |
_aMéxico : _bAldus, _c1995. |
||
| 300 | _a147 p. | ||
| 534 |
_pTítulo original: _tLe poisson-scorpion |
||
| 650 | 4 |
_aNOVELA SUIZA _922701 |
|
| 905 | _aLibro | ||
| 999 |
_c166393 _d166393 |
||